000 00449nam a2200145Ia 4500
008 100122s9999 xx 000 0 und d
082 _b45519
_a294.592
100 _aदेशपांडे म श्री
245 _aबोधसुधा
260 _bगुरुदेव रानडे समाधी ट्रस्ट
_c1988
300 _a233
630 _aबोधसुधा
730 _aबोधसुधा
942 _cBOOK
999 _c424972
_d424969